书目信息 |
| 题名: |
新式家具
|
|
| 作者: | 王兴吉 编绘 | |
| 分册: | ||
| 出版信息: | 长春 吉林人民出版社 1980 |
|
| 页数: | 196页 | |
| 开本: | 25cm | |
| 丛书名: | ||
| 单 册: | ||
| 中图分类: | TS654 | |
| 科图分类: | ||
| 主题词: | 家具--图集 , 木材加工 | |
| 电子资源: | ||
| ISBN: | ||
| 000 | 00592nam0 2200229 45 | |
| 001 | 0180003492 | |
| 005 | 20060413104919.18 | |
| 010 | @dCNY1.20 | |
| 100 | @a19950227d1980 em y0chiy0121 ea | |
| 101 | 0 | @achi |
| 102 | @aCN@b220000 | |
| 105 | @ay z 000yy | |
| 200 | 10 | @a新式家具@Axin shi jia ju@f王兴吉编绘@Fwang xing ji bian hui |
| 210 | @a长春@c吉林人民出版社@d1980 | |
| 215 | @a196页@d25cm | |
| 606 | @a家具@x图集 | |
| 606 | 0 | @a木材加工 |
| 690 | @aTS654@v4 | |
| 701 | 0 | @a王兴吉@Awang xing ji@4编绘 |
| 801 | 2 | @aCN@bNLC@c20060413 |
| 801 | 0 | @aCN@bTSSF |
| 905 | @a10447@dTS654@e12 | |
| 新式家具/王兴吉编绘.-长春:吉林人民出版社,1980 |
| 196页;25cm |
| ISBN :CNY1.20 |
| ● |
| 相关链接 |
|
|
|
|
正题名:新式家具
索取号:TS654/12
 
预约/预借
| 序号 | 登录号 | 条形码 | 馆藏地/架位号 | 状态 | 备注 |
| 1 | 0050273 | 202257510 | 密集书库/ [索取号:TS654/12] | 在馆 |